|
|
|
|
| LEADER |
00000nab a2200000 a 4500 |
| 001 |
vtls000352746 |
| 003 |
SK-MaSNL |
| 005 |
20260303204326.0 |
| 008 |
230313c1989 xo 0 cze |
| 015 |
|
|
|a SNBRB19rr/mm-uuuuu
|
| 035 |
|
|
|a CL0352868
|
| 035 |
|
|
|a urn:nbn:sk:snk-abbjaq
|
| 035 |
|
|
|a (urnnbn)urn:nbn:sk:snk:ar-0002qu
|
| 035 |
|
|
|a (uuid)f098ef2a-4bb4-4249-81c1-704aae819004
|
| 040 |
|
|
|a SNKBUCL
|b slo
|c SNKBUCL
|e AACR2
|
| 041 |
0 |
|
|a cze
|
| 044 |
|
|
|a xo
|c SK
|
| 080 |
|
|
|a 82:929:820
|2 1981
|
| 080 |
|
|
|a 929
|2 1981
|
| 080 |
|
|
|a 820
|2 1981
|
| 080 |
|
|
|a 929 Pynsent, Robert
|2 1981
|
| 100 |
1 |
|
|a Pynsent, Robert B.,
|d 1943-2022
|4 aut
|9 116395
|
| 245 |
1 |
0 |
|a Jak se člověk cítí, když obdrží Hviezdoslavovu cenu
|c Robert Pynsent
|
| 600 |
1 |
7 |
|a Pynsent, Robert B.,
|d 1943-2022
|2 snkbucl
|9 116395
|
| 648 |
|
7 |
|a 1989
|2 SNKPH
|9 276934
|
| 650 |
0 |
7 |
|a Hviezdoslavova cena (literárna cena)
|2 SNKPH
|9 1237926
|
| 655 |
|
7 |
|a úvahy
|2 snkbucl
|9 29403
|
| 655 |
|
7 |
|a články z odboru literárna veda a krásna literatúra
|2 snkbucl
|9 770045
|
| 655 |
|
7 |
|a články z novín a časopisov
|2 snkbucl
|9 267496
|
| 773 |
0 |
|
|t Romboid
|g Roč. 24, č. 4 (1989), s. 107-109
|
| 850 |
|
|
|a Slovenská národná knižnica v Martine
|a MTA001
|
| 852 |
|
|
|a SNK
|b KIS3GCP
|
| 958 |
|
|
|a RK
|
| 958 |
|
|
|a LX
|
| 958 |
|
|
|a OND
|
| 958 |
|
|
|a EUIPO
|
| 958 |
|
|
|a article15
|
| 992 |
|
|
|a RBX
|
| 999 |
|
|
|c 2189513
|d 2191443
|